[Event "Augsburg Afro op"]
[Site "Augsburg"]
[Date "2003.08.08"]
[Round "3"]
[White "Grosskreuz, Jacques"]
[Black "Eibl, Maximilian"]
[Result "0-1"]
[WhiteElo "1117"]
[BlackElo "1430"]
[PlyCount "62"]
[EventDate "2003.08.06"]
[EventType "swiss"]
[EventRounds "7"]
[EventCountry "GER"]
[SourceTitle "EXT 2006"]
[Source "ChessBase"]
[SourceDate "2005.11.24"]
[SourceVersion "1"]
[SourceVersionDate "2005.11.24"]
[SourceQuality "1"]

1. e4 c5 2. Nf3 d6 3. d4 cxd4 4. Nxd4 Nf6 5. Nc3 a6 6. Bc4 b5 7. Bb3 e6 8. 0-0 Bb7 9. Re1 Nbd7 10. Bg5 h6 11. Bh4 g5 12. Bg3 b4 13. Nb1 Nxe4 14. Nxe6 fxe6 15. Qh5+ Ke7 16. Qg6 Ndc5 17. f3 Nxb3 18. cxb3 Nc5 19. Bf2 Qe8 20. Qc2 Rc8 21. Bd4 Rg8 22. Qh7+ Qf7 23. Qc2 Qg6 24. Qe2 Bg7 25. Bxg7 Qxg7 26. a3 Qd4+ 27. Kh1 Qd3 28. axb4 Qxe2 29. Rxe2 Nxb3 30. Ra3 Rc1+ 31. Re1 Rxe1# 0-1

[Event "Augsburg Afro op"]
[Site "Augsburg"]
[Date "2003.08.07"]
[Round "1"]
[White "Monninger, Moritz Franz"]
[Black "Grosskreuz, Jacques"]
[Result "1-0"]
[WhiteElo "2038"]
[BlackElo "1117"]
[PlyCount "67"]
[EventDate "2003.08.06"]
[EventType "swiss"]
[EventRounds "7"]
[EventCountry "GER"]
[SourceTitle "EXT 2006"]
[Source "ChessBase"]
[SourceDate "2005.11.24"]
[SourceVersion "1"]
[SourceVersionDate "2005.11.24"]
[SourceQuality "1"]

1. d4 d5 2. c4 Nf6 3. cxd5 Nxd5 4. e4 Nf6 5. Nc3 e6 6. Nf3 c5 7. Be3 Qb6 8. Bd3 Qxb2 9. Na4 Qb4+ 10. Bd2 Qa3 11. Qc2 Bd7 12. Nc3 cxd4 13. Nxd4 Nc6 14. Ndb5 Qa5 15. Nd5 Bb4 16. Ndc7+ Ke7 17. Nxa8 Rxa8 18. a3 Bxd2+ 19. Qxd2 Qb6 20. 0-0 a6 21. Nc3 Rc8 22. Rab1 Qc7 23. Na4 b5 24. Nc5 h6 25. Nxa6 Qa7 26. Nb4 Qxa3 27. Rfd1 Ne5 28. Bxb5 Rd8 29. Qd6+ Ke8 30. Qxe5 Qa7 31. Nc6 Bxc6 32. Bxc6+ Ke7 33. Rxd8 Kxd8 34. Rb8+ 1-0